Un futuro justo : (Registro nro. 7983)
[ vista simple ]
| 000 -LEADER | |
|---|---|
| fixed length control field | 02461nam a2200349Ia 4500 |
| 003 - CONTROL NUMBER IDENTIFIER | |
| control field | OSt |
| 005 - DATE AND TIME OF LATEST TRANSACTION | |
| control field | 20210610123838.0 |
| 008 - FIXED-LENGTH DATA ELEMENTS--GENERAL INFORMATION | |
| fixed length control field | 210310s2007 sp ad gr 000 0dspa d |
| 020 ## - INTERNATIONAL STANDARD BOOK NUMBER | |
| International Standard Book Number | 9788474269512 |
| 040 ## - CATALOGING SOURCE | |
| Original cataloging agency | CO-JMCR |
| Transcribing agency | CO-JMCR |
| 041 1# - LANGUAGE CODE | |
| Language code of text/sound track or separate title | spa |
| Language code of original | eng |
| 082 04 - DEWEY DECIMAL CLASSIFICATION NUMBER | |
| Classification number | 333.72 / |
| Item number | S121u |
| Edition number | 23 |
| 100 1# - MAIN ENTRY--PERSONAL NAME | |
| Personal name | Sachs, Wolfgang, |
| 9 (RLIN) | 15997 |
| Relator term | autor |
| 245 10 - TITLE STATEMENT | |
| Title | Un futuro justo : |
| Remainder of title | recursos limitados y justicia global / |
| Statement of responsibility, etc. | Wolfgang Sachs, Tilman Santarius ; Ana Isabel González García |
| 250 ## - EDITION STATEMENT | |
| Edition statement | 1° edición |
| 260 ## - PUBLICATION, DISTRIBUTION, ETC. | |
| Place of publication, distribution, etc. | Barcelona : |
| Name of publisher, distributor, etc. | Icaria : Intermón Oxfam, |
| Date of publication, distribution, etc. | 2007 |
| 300 ## - PHYSICAL DESCRIPTION | |
| Extent | 335 páginas : |
| Other physical details | ilustraciones y gráficas a blanco y negro ; |
| Dimensions | 22 cm. |
| 490 0# - SERIES STATEMENT | |
| Series statement | Encuentro |
| 500 ## - GENERAL NOTE | |
| General note | Incluye notas a pie de página y datos biográficos de los autores.<br/>Título original: Fair future |
| 504 ## - BIBLIOGRAPHY, ETC. NOTE | |
| Bibliography, etc. note | Bibliografía: páginas [303]-335 |
| 505 0# - FORMATTED CONTENTS NOTE | |
| Formatted contents note | Justicia para realistas -- Desigualdad en el espacio ambiental -- Escenarios de la apropiación -- Modelo de justicia sobre los recursos -- Un bienestar compatible con la justicia -- Contratos de justicia y ecología -- El papel de Europa |
| 520 3# - SUMMARY, ETC. | |
| Summary, etc. | Crisis del petróleo, conflictos por el agua, inseguridad alimentaria...: los mensajes sobre la escases de recursos se acumulan. Al mismo tiempo la población mundial sigue aumentando y cada vez más naciones, como India o China, reivindican su innegable derecho al desarrollo. Ya hoy se exige demasiado a la biosfera; no hay duda de que la lucha por una naturaleza escasa influirá en las crisis del siglo XXI.<br/>Este libro, fruto de la reflexión de expertos del prestigioso Instituto Wuppertal, ofrece al lector un análisis de las situaciones en las que se producen conflictos a causa de los recursos, plantea medios para su distribución equitativa y esboza los elementos sustanciales de una política medioambiental y económica que se comprometa por igual con la naturaleza y con la humanidad, un nuevo modelo económico en un imprescindible marco de justicia universal. |
| 546 ## - LANGUAGE NOTE | |
| Language note | Traducido del inglés. |
| 650 14 - SUBJECT ADDED ENTRY--TOPICAL TERM | |
| Topical term or geographic name entry element | Recursos naturales |
| 9 (RLIN) | 15999 |
| General subdivision | Política gubernamental |
| 650 24 - SUBJECT ADDED ENTRY--TOPICAL TERM | |
| Topical term or geographic name entry element | Recursos naturales |
| General subdivision | Gestión |
| 9 (RLIN) | 38311 |
| 650 24 - SUBJECT ADDED ENTRY--TOPICAL TERM | |
| Topical term or geographic name entry element | Movimiento anti-globalización |
| 9 (RLIN) | 38060 |
| 650 24 - SUBJECT ADDED ENTRY--TOPICAL TERM | |
| Topical term or geographic name entry element | Desarrollo económico |
| General subdivision | Aspectos ambientales |
| 9 (RLIN) | 37898 |
| 650 24 - SUBJECT ADDED ENTRY--TOPICAL TERM | |
| Topical term or geographic name entry element | Globalización |
| General subdivision | Aspectos ambientales |
| 9 (RLIN) | 38312 |
| 700 1# - ADDED ENTRY--PERSONAL NAME | |
| Personal name | Santarius, Tilman, |
| Relator term | autor |
| 9 (RLIN) | 38313 |
| 700 1# - ADDED ENTRY--PERSONAL NAME | |
| Personal name | González García, Ana Isabel, |
| Relator term | traductora |
| 9 (RLIN) | 38314 |
| 942 ## - ADDED ENTRY ELEMENTS (KOHA) | |
| Source of classification or shelving scheme | Dewey Decimal Classification |
| Koha item type | Books |
| Withdrawn status | Lost status | Source of classification or shelving scheme | Damaged status | Not for loan | Collection code | Home library | Current library | Date acquired | Source of acquisition | Total Checkouts | Full call number | Barcode | Date last seen | Date last checked out | Copy number | Koha item type |
|---|---|---|---|---|---|---|---|---|---|---|---|---|---|---|---|---|
| Dewey Decimal Classification | Non-fiction | Biblioteca Pública José María del Castillo y Rada | Biblioteca Pública José María del Castillo y Rada | 04/15/2018 | Donación | 2 | 333.72 / S121u | 430003636 | 05/16/2024 | 07/12/2023 | Ej.1 | Books |